| 000 | 00433nam a2200157Ia 4500 | ||
|---|---|---|---|
| 008 | 220216s9999 xx 000 0 und d | ||
| 100 | _aWalujono K | ||
| 245 | 0 | _aAmino acid sequence of Hevein | |
| 260 | _bProceedings of the International Rubber Conference, Kuala Lumpur. V.2, 1975; p518-531 | ||
| 650 | _aHevein | ||
| 700 | _aBeintema J J | ||
| 700 | _aHahn A M | ||
| 700 | _aMariono A | ||
| 700 | _aScholma R A | ||
| 942 | _cJS | ||
| 999 |
_c54076 _d54076 |
||